Study guide for use with McConnell and Brue Microeconomics /

Na minha lista:
Detalhes bibliográficos
Autor principal: Walstad, William B.
Formato: Livro
Edição:Seventeenth Edition.
Assuntos:
Tags: Adicionar Tag
Sem tags, seja o primeiro a adicionar uma tag!

MARC

LEADER 00000cam a2200000 i 4500
020 |a 9780073273228  |c TZS 10,000/= 
040 |a MUL  |b eng  |e AACR 
082 |a 338.507 WAL 
100 1 |a Walstad, William B. 
245 1 0 |a Study guide for use with McConnell and Brue Microeconomics /  |c  William B. Walstad 
246 3 |a MICROECONOMICS 
250 |a Seventeenth Edition. 
300 |a x, 317 pages :  |b illustrations ;  |c 28 cm 
546 |a eng. 
650 0 |a Microeconomics. 
942 |c BK 
999 |c 8717  |d 8717